000
00257nam a2200109Ia 4500
008
220204s9999 xx 000 0 und d
082
_a
072
_b
DRE
100
_a
Philip
245
0
_a
Frei Otto form and structure
260
_a
London
_b
Crosby
_c
1976
942
_c
BK
999
_c
26455
_d
26455